|
|
|
|
| LEADER |
00938nam a2200253 u 4500 |
| 001 |
10026945 |
| 003 |
upatras |
| 005 |
20210526154142.0 |
| 008 |
970423s1972 ge fre |
| 020 |
|
|
|a 3540059210
|q (Χαρτόδ. μαλακό)
|
| 040 |
|
|
|a GR-PaULI
|c GR-PaULI
|
| 041 |
0 |
|
|a fre
|
| 050 |
|
4 |
|a 72-86120
|
| 245 |
1 |
0 |
|a Analyse
|b Seminaire Pierre Lelong, Annee 1970-1971, Institut Henri Poincare, Paris, France
|
| 260 |
|
|
|a Berlin
|b Springer Verlag
|c 1972
|
| 300 |
|
|
|a vi, 181 p.
|c 25,5 cm
|
| 490 |
0 |
|
|a Lecture notes in mathematics
|v 275
|
| 505 |
1 |
|
|a Includes bibliography
|
| 650 |
|
4 |
|a Μαθηματική ανάλυση
|9 129
|
| 760 |
1 |
|
|a Lecture notes in mathematics
|g 275
|
| 852 |
|
|
|a GR-PaULI
|b ΠΑΤΡΑ
|b ΦΥΣΙΚΟ
|k ΑΕΧ-1
|h 515
|m 01398
|t 1
|
| 942 |
|
|
|2 ddc
|c BK15
|
| 952 |
|
|
|0 0
|1 0
|4 0
|6 515_000000000000000
|7 0
|9 197329
|a PHYS
|b PHYS
|d 2016-04-24
|i 01398
|l 0
|o 515
|r 2016-04-24 00:00:00
|t 1
|w 2016-04-24
|y BK15
|
| 999 |
|
|
|c 121138
|d 121138
|